000 05080cam a22007211i 4500
001 BDZ0028723940
003 StDuBDS
005 20230721111227.0
006 m || d |
007 cr |||||||||||
008 181129s2019 enka o 000|0|eng|d
020 _a9781317194286 (ePub ebook) :
_c39.99
020 _z9781138678040 (hbk.) :
_c110.00
020 _a9781317194293 (PDF ebook) :
_a9781317194279 (Mobipocket ebook) :
_a9781315559162 (ebook) :
_c39.99
_z9781138678057 (pbk.) :
040 _aStDuBDS
_beng
_erda
_epn
_cStDuBDS
_dUk
_dStDuBDSZ
072 7 _aKC
_2bicssc
072 7 _aKNAC
_2bicssc
072 7 _aGTF
_2bicssc
072 7 _aKFFR
_2bicssc
072 7 _aRN
_2bicssc
072 7 _aRPG
_2bicssc
072 7 _aTNCB
_2bicssc
072 7 _aTVB
_2bicssc
072 7 _aECO
_2ukslc
072 7 _aKC
_2thema
072 7 _aGTP
_2thema
072 7 _aKFFR
_2thema
072 7 _aRN
_2thema
072 7 _aRPG
_2thema
072 7 _aTNCB
_2thema
072 7 _aTVB
_2thema
072 7 _aJPQB
_2thema
072 7 _aLNS
_2thema
072 7 _aTNK
_2thema
072 7 _aKNJ
_2thema
072 7 _aTV
_2thema
082 0 4 _a333.33520941
_223
100 1 _aMoody, Jeremy,
_eauthor.
245 1 0 _aAgricultural valuations :
_ba practical guide.
_h[Electronic resource]
250 _aFifth edition /
_bJeremy Moody and Nick Millard.
260 _aLondon :
_bRoutledge,
_c2019.
300 _a1 online resource :
_billustrations (black and white)
336 _atext
_2rdacontent
336 _astill image
_2rdacontent
337 _acomputer
_2rdamedia
338 _aonline resource
_2rdacarrier
366 _b20210225
_cIn stock
500 _aPrevious edition: published as by R.G. Williams. London: Estates Gazette, 2008.
505 0 _a1. Introduction and history PART 1: FOUNDATIONS 2. Agricultural land 3. Basic property law 4. Business structures for farming 5. Agricultural support: from the EU to beyond Brexit 6. Farm accounting PART 2: VALUATIONS 7. Professional issues 8. Introduction to valuation standards and beyond bases of value 9. Undertaking a valuation 10. Valuation of farm property with vacant possession 11. Valuation of let property 12. Valuation for insurance 13. Woodland and sporting 14. Diversification 15. Development 16. Livestock, machinery, growing crops and produce 17. Environmental valuation PART 3: VALUATIONS FOR TAXATION, COMPULSORY PURCHASE, UTILITIES AND COMMUNICATIONS 18. Valuation for capital taxes 19. Agricultural stocktaking for income tax 20. Valuation for business rates and council tax 21. Compensation for compulsory purchase 22. Cables and pipes for electricity, gas, water and sewerage 23. Masts and cables for communications PART 4: AGRICULTURAL TENANCIES 24. Introduction to agricultural tenancies 25. Issues during a tenancy requiring valuation 26. Rent reviews under the Agricultural Holdings Act 1986 27. Rent reviews for farm business tenancies 28. Rent reviews for Scottish agricultural tenancies 29. End of tenancy: tenant's claims 30. Compensation for disturbance 31. End of tenancy: landlord's claims 32. Valuing the tenancy 33. Valuations for other agreements PART 5: PROFESSIONAL PRACTICE 34. Farm agency 35. Dispute resolution and expert witness work 36. New skills and services 37. Advice to young practitioners APPENDICES
520 8 _aThis authoritative text covers the entire field of agricultural valuation and practice including exhaustive commentary on tenant right valuations, improvements, fixtures, milk quotas and dilapidations.
_bAgricultural Valuations: A Practical Guide has long been the standard text for students and professionals working on agricultural valuations. Taking a practical approach, it covers all the relevant techniques and legislation necessary to correctly value farms, assess farm rents, carry out arbitrations, inventories and records of condition, including valuation clauses on sales of farms, livestock, soils, management agreements, valuation in court proceedings and a glossary of useful information.In this fifth edition, Gwyn Williams's original text is taken on by Jeremy Moody and Nick Millard, renowned experts in the field, bringing the book right up to date to reflect recent changes in the rural economy, including development, diversification and renewable energy and specialist valuations and reference to all the latest legislation. Clear and accessible to students and professionals alike, readers will find Agricultural Valuations an invaluable guide to best practice in agricultural valuations.
650 7 _aAGRICULTURE
650 7 _aAGRICULTURAL VALUATIONS
650 7 _aEBOOK
650 0 _aFARMS
650 7 _aRURAL ECONOMY
650 7 _aVALUATION
690 _96251
_aLand use
700 1 _aMillard, Nick,
_eauthor.
700 1 0 _aWilliams, R. G.
_q(R. Gwyn).
_sFourth edition.
_tAgricultural valuations.
776 0 8 _iPrint version :
_z9781138678040
856 4 0 _uhttps://www.vlebooks.com/product/openreader?id=RICS&accId=9491556&isbn=9781317194286
_zView on VLEbooks. Logins for members only from [email protected]
942 _2ddc
999 _c121620
_d121620